000 00729nam a22002417a 4500
003 UA-OsUOA
001 114263
007 ta
008 20151028b un ||||| |||| 00| 0 ukr d
090 _a211
942 _cBK
040 _aUA-OsUOA
_beng
_cUA-OsUOA
_dUA-OsUOA
245 _aThe Life and Times of Jesus the Messilan
_cA. Edersyeim, M.A. Oxon
300 _a828 p.
955 _a2
041 _aeng
080 _a211
020 _a0-917006-12-7
260 _aMassachusets
_bHP
_c1985
650 7 _a21 Природна теологія. Теодицея (Бог). Раціональна теологія Релігійна філософія
_2UDC
999 _c400408
_d400408